Central Library OPAC University of Rajshahi

Changes of climate : (Record no. 10910)

MARC details
000 -LEADER
fixed length control field 01158cam a2200313 4500
001 - CONTROL NUMBER
control field 10910
003 - CONTROL NUMBER IDENTIFIER
rucl marc code BD- RjUL
005 - DATE AND TIME OF LATEST TRANSACTION
control field 20211208235035.0
008 - FIXED-LENGTH DATA ELEMENTS--GENERAL INFORMATION
fixed length control field 730123s1963 fr ad b i100 0 eng
035 ## - SYSTEM CONTROL NUMBER
System control number (BD-RjUL)10959
040 ## - CATALOGING SOURCE
Original cataloging agency DLC
Transcribing agency WSU
Modifying agency OCL
-- SER
-- BD-RjUL
Language of cataloging eng
041 0# - LANGUAGE CODE
Language code of text/sound track or separate title engfre
082 04 - DEWEY DECIMAL CLASSIFICATION NUMBER
Edition number 16
Classification number 551.59
Author mark and year CHA 1963
111 2# - MAIN ENTRY--MEETING NAME
Meeting name or jurisdiction name as entry element Symposium on Changes of Climate with Special Reference to Arid Zones
Date of meeting (1961 :
Location of meeting Rome)
9 (RLIN) 33722
245 10 - TITLE STATEMENT
Title Changes of climate :
Remainder of title proceedings of the Rome symposium organized by Unesco and the World Meteorological Organization = Les changements de climat : actes du colloque de Rome /
246 31 - VARYING FORM OF TITLE
Title proper/short title Changements de climat.
260 ## - PUBLICATION, DISTRIBUTION, ETC. (IMPRINT)
Place of publication, distribution, etc. Paris :
Name of publisher, distributor, etc. UNESCO,
Date of publication, distribution, etc. c1963
300 ## - PHYSICAL DESCRIPTION
Pagination [12], 488 p. :
Illustrations ill., charts ;
Size 28 cm.
490 1# - SERIES STATEMENT
Series statement Arid zone research ;
Volume/sequential designation 20 =
Series statement Recherches sur la zone aride ;
Volume/sequential designation 20
504 ## - BIBLIOGRAPHY, ETC. NOTE
Bibliography, etc Includes bibliographies.
650 #0 - SUBJECT ADDED ENTRY--TOPICAL TERM
Topical term or geographic name as entry element Climatology
Form subdivision Congresses.
9 (RLIN) 33719
710 2# - ADDED ENTRY--CORPORATE NAME
Corporate name or jurisdiction name as entry element Unesco.
9 (RLIN) 33721
Corporate name or jurisdiction name as entry element World Meteorological Organization.
9 (RLIN) 33044
830 #0 - SERIES ADDED ENTRY--UNIFORM TITLE
Volume number/sequential designation 20
830 #0 - SERIES ADDED ENTRY--UNIFORM TITLE
Uniform title Arid zone research ;
942 ## - ADDED ENTRY ELEMENTS (KOHA)
Source of classification or shelving scheme Dewey Decimal Classification
Koha item type Books
Holdings
Lost status Source of classification or shelving scheme Damaged status Not for loan Collection code Permanent Location Current Location Shelving location Date acquired Source of acquisition Cost, normal purchase price Total Checkouts Full call number Date last seen Copy number Koha item type
  Dewey Decimal Classification     Non-fiction Central Library, University of Rajshahi Central Library, University of Rajshahi   30/11/1965 Zeitlinger 52.00   551.59 CHA 1963 25/01/2014 C-2 Books
  Dewey Decimal Classification   Not For Loan Non-fiction Central Library, University of Rajshahi Central Library, University of Rajshahi Reading Room 30/11/1965 Zeitlinger 52.00   551.59 CHA 1963 25/05/2017 C-1 Books